[Event "Teplice Open 2019"]
[Site "Teplice"]
[Date "2019.06.17"]
[Round "3.27"]
[White "Hollan, Petr"]
[Black "Haldorsen, Benjamin"]
[Result "1/2-1/2"]
[WhiteElo "2261"]
[BlackElo "2454"]
[Annotator "ChessBase"]
[PlyCount "74"]
[EventDate "2019.06.15"]
[EventType "swiss"]
[EventCountry "CZE"]
[SourceTitle "playchess.com"]
[Source "ChessBase"]
[SourceQuality "1"]
[TimeControl "40/5400+30:1800+30"]

1. e4 {[%emt 0:00:00]} e6 {[%emt 0:00:00]} 2. d4 {[%emt 0:00:00]} d5 {[%emt 0:00:12]} 3. Nc3 {[%emt 0:07:27]} Nf6 {[%emt 0:00:40]} 4. e5 {[%emt 0:00:30]} Nfd7 {[%emt 0:00:58]} 5. f4 {[%emt 0:00:17]} c5 {[%emt 0:00:15]} 6. Nf3 {[%emt 0:00:07]} Nc6 {[%emt 0:00:05]} 7. Be3 {[%emt 0:00:05]} Be7 {[%emt 0:00:23]} 8. Qd2 {[%emt 0:00:07]} O-O {[%emt 0:00:43]} 9. dxc5 {[%emt 0:00:18]} Qa5 {[%emt 0:01:22]} 10. O-O-O {[%emt 0:26:55]} b6 {[%emt 0:04:18]} 11. Bb5 {[%emt 0:07:27]} Nb4 {[%emt 0:00:23]} 12. a3 {[%emt 0:12:57]} bxc5 {[%emt 0:00:47]} 13. Kb1 {[%emt 0:10:59]} Rb8 {[%emt 0:09:31]} 14. axb4 {[%emt 0:01:39]} cxb4 {[%emt 0:00:19]} 15. Nxd5 {[%emt 0:00:19]} exd5 {[%emt 0:00:16]} 16. Bxd7 {[%emt 0:00:06]} Bxd7 {[%emt 0:00:06]} 17. Qxd5 {[%emt 0:00:09]} Qxd5 {[%emt 0:00:20]} 18. Rxd5 {[%emt 0:00:08]} Bc6 {[%emt 0:00:03]} 19. Ra5 {[%emt 0:13:49]} Rfc8 {[%emt 0:00:30]} 20. Nd2 {[%emt 0:02:07]} Bxg2 {[%emt 0:01:27]} 21. Rg1 {[%emt 0:00:31]} Bh3 {[%emt 0:00:01]} 22. Rxa7 {[%emt 0:03:05]} Bf8 {[%emt 0:01:47]} 23. Nb3 {[%emt 0:06:42]} Bf5 {[%emt 0:00:58]} 24. Nd4 {[%emt 0:03:28]} Be4 {[%emt 0:00:11]} 25. e6 {[%emt 0:01:47]} fxe6 {[%emt 0:07:04]} 26. b3 {[%emt 0:01:06]} g6 {[%emt 0:00:54]} 27. Re1 {[%emt 0:00:28]} Bc5 {[%emt 0:30:39]} 28. Ra2 {[%emt 0:00:06]} Rb6 {[%emt 0:12:19]} 29. Bg1 {[%emt 0:00:07]} Bd5 {[%emt 0:00:42]} 30. Ra5 {[%emt 0:00:25]} Bxd4 {[%emt 0:03:30]} 31. Bxd4 {[%emt 0:00:07]} Rbc6 {[%emt 0:00:13]} 32. Re2 {[%emt 0:00:32]} Bf3 {[%emt 0:00:03]} 33. Rd2 {[%emt 0:01:08]} Be4 {[%emt 0:01:09]} 34. Ra2 {[%emt 0:00:06]} Bf5 {[%emt 0:08:49]} 35. Be5 {[%emt 0:00:18]} Rc5 {[%emt 0:00:31]} 36. Kc1 {[%emt 0:00:42]} h6 {[%emt 0:04:04]} 37. h4 {[%emt 0:00:10]} R5c6 {[%emt 0:01:24]} 1/2-1/2

[Event "Teplice Open 2019"]
[Site "Teplice"]
[Date "2019.06.17"]
[Round "3.28"]
[White "Halvax, Georg"]
[Black "Brozyna, Mateusz"]
[Result "1-0"]
[WhiteElo "2408"]
[BlackElo "2252"]
[Annotator "NA"]
[PlyCount "71"]
[EventDate "2019.06.15"]
[EventType "swiss"]
[EventCountry "CZE"]
[SourceTitle "playchess.com"]
[Source "ChessBase"]
[SourceQuality "1"]
[TimeControl "40/5400+30:1800+30"]

1. d4 {[%emt 0:00:00]} d5 {[%emt 0:00:00]} 2. Nf3 {[%emt 0:00:00]} c6 {[%emt 0:00:00]} 3. e3 {[%emt 0:00:47]} Nf6 {[%emt 0:00:05]} 4. c4 {[%emt 0:00:30]} Bf5 {[%emt 0:05:56]} 5. Nc3 {[%emt 0:00:25]} a6 {[%emt 0:00:25]} 6. Bd3 {[%emt 0:06:41]} Bxd3 {[%emt 0:03:09]} 7. Qxd3 {[%emt 0:00:06]} e6 {[%emt 0:00:17]} 8. O-O {[%emt 0:00:44]} Nbd7 {[%emt 0:10:45]} 9. b3 {[%emt 0:03:43]} Be7 {[%emt 0:07:30]} 10. Bb2 {[%emt 0:02:15]} O-O {[%emt 0:00:43]} 11. Rad1 {[%emt 0:03:49]} b5 {[%emt 0:07:31]} 12. e4 {[%emt 0:02:10]} b4 {[%emt 0:01:31]} 13. e5 {[%emt 0:00:53]} bxc3 {[%emt 0:00:49]} 14. exf6 {[%emt 0:00:24]} cxb2 {[%emt 0:11:15]} 15. fxe7 {[%emt 0:00:41]} Qxe7 {[%emt 0:00:07]} 16. cxd5 {[%emt 0:04:23]} cxd5 {[%emt 0:01:11]} 17. Qb1 {[%emt 0:02:57]} Qa3 {[%emt 0:04:07]} 18. Rd2 {[%emt 0:02:05]} Rfc8 {[%emt 0:00:57]} 19. Rxb2 {[%emt 0:00:34]} Rc7 {[%emt 0:04:30]} 20. Rc1 {[%emt 0:01:53]} Rac8 {[%emt 0:00:16]} 21. Rxc7 {[%emt 0:00:22]} Rxc7 {[%emt 0:00:07]} 22. Rc2 {[%emt 0:00:10]} Qd6 {[%emt 0:02:55]} 23. Qc1 {[%emt 0:01:59]} Rxc2 {[%emt 0:00:46]} 24. Qxc2 {[%emt 0:00:03]} g6 {[%emt 0:04:45]} 25. h4 {[%emt 0:03:34]} h5 {[%emt 0:03:23]} 26. Qc8+ {[%emt 0:01:59]} Kg7 {[%emt 0:01:22]} 27. g3 {[%emt 0:02:12]} f6 {[%emt 0:09:03]} 28. Qe8 {[%emt 0:08:57]} Nf8 {[%emt 0:04:58]} 29. a4 {[%emt 0:03:55]} a5 {[%emt 0:08:29]} 30. Qb5 {[%emt 0:02:42]} Qa3 {[%emt 0:05:22]} 31. Kg2 {[%emt 0:01:20]} Qb2 {[%emt 0:02:04]} 32. Qxa5 {[%emt 0:00:54]} Qxb3 {[%emt 0:00:02]} 33. Qa7+ {[%emt 0:00:16]} Kg8 {[%emt 0:00:46]} 34. a5 {[%emt 0:00:12]} Qd3 {[%emt 0:01:16]} 35. a6 {[%emt 0:01:44]} g5 {[%emt 0:00:36]} 36. hxg5 {[%emt 0:00:25]} 1-0

[Event "Teplice Open 2019"]
[Site "Teplice"]
[Date "2019.06.17"]
[Round "3.29"]
[White "Lyell, Mark"]
[Black "Mikes, Jan"]
[Result "0-1"]
[WhiteElo "2222"]
[BlackElo "2404"]
[Annotator "TA"]
[PlyCount "88"]
[EventDate "2019.06.15"]
[EventType "swiss"]
[EventCountry "CZE"]
[SourceTitle "playchess.com"]
[Source "ChessBase"]
[SourceQuality "1"]

{[%evp 9,88,-9,2,-7,-12,-16,-7,-5,0,0,0,8,42,-2,39,11,27,29,40,19,18,20,22,0,0,-31,13,-22,23,10,0,-107,-96,-120,-58,-40,-12,-10,9,0,50,-170,-72,-343,-349,-382,-358,-337,-363,-993,-1216,-1142,-1132,-1425,-1406,-29965,-29967,-29961,-29958,-29954,-12842,-7292,-7292,-6115,-6107,-6079,-5916,-6079,-2185,-6087,-789,-5686,-5226,-6105,-6105,-6098,-5720,-5679,-5311,-29988,-29989]} 1. e4 c5 2. c3 Nf6 3. e5 Nd5 4. Nf3 e6 5. Na3 {[%cal Bb1a3,Ba3c4,Bc4e5][%mdl 32]} (5. d4 cxd4 6. cxd4 d6 7. Bc4 Nb6 8. Bd3 Nc6 9. O-O Nb4 10. Bg5 Be7 11. Bxe7 Qxe7 12. Nc3 dxe5 13. dxe5 Nxd3 14. Qxd3 Bd7 15. Ne4 O-O 16. Nd4 Rad8 17. Rad1 Bc6 18. Nxc6 bxc6 {½-½ (34) Liang,A (2590)-Caruana,F (2828) Saint Louis 2019}) 5... d6 6. Nc4 {B22: Sicilian: 2 c3} dxe5 7. Ncxe5 a6 8. d4 {The position is equal.} f6 $146 {...cxd4 is the strong threat.} ({Predecessor:} 8... Nd7 9. Ng5 Nxe5 10. dxe5 Be7 11. Qh5 g6 12. Qg4 Qc7 {0-1 (65) Wall,G (2326)-Crouch,C (2366) Sunningdale 2007}) 9. Nc4 Nc6 10. Ne3 Qb6 11. Be2 Nxe3 12. fxe3 (12. Bxe3 {seems wilder.} Qxb2 13. O-O Be7 14. Nd2 Qxc3 15. Rc1) 12... cxd4 13. exd4 Bd6 14. Qb3 Qc7 15. O-O Bd7 16. c4 e5 17. d5 Ne7 18. Kh1 {Black should prevent Be3.} e4 19. Nd4 Bxh2 20. Ne6 (20. Be3 $11) 20... Bxe6 $1 $17 21. dxe6 Be5 ({Black should try} 21... O-O-O $1 $17 22. c5 Be5) 22. Be3 $15 Qc6 23. Rad1 $1 Qxe6 {Hoping for ...0-0.} 24. Qxb7 Rb8 25. Qa7 $2 {[#]} (25. Qxe4 $14 {was the only good move.} f5 26. Qd3) 25... Rxb2 (25... O-O $1 $19 {has better winning chances.} 26. Qd7 Qxd7 27. Rxd7 Rxb2) 26. Bh5+ $2 {[%mdl 8192]} (26. Qa8+ $17 {was the only chance.} Qc8 27. Qxc8+ Nxc8 28. Bg4) 26... g6 $19 27. Bd4 Nc6 {[%mdl 64] Double Attack} 28. Qg7 Rg8 29. Qxh7 $2 {[#]} (29. Rxf6 Bxf6 30. Qxf6 Qxf6 31. Bxf6 Rxa2 32. Bg4) 29... Rxg2 $1 {[%cal Re6h3][%mdl 512]} 30. Bg4 (30. Kxg2 gxh5+) 30... Rxg4 31. Bxe5 Nxe5 32. Rxf6 Qxf6 33. Qxg8+ Ke7 {[%cal Rf6h4]} 34. Qd8+ Kf7 {( -> ...Qf3+)} 35. Rd7+ Nxd7 36. Qxd7+ Qe7 37. Qxg4 {[%mdl 4096] Endgame [#] KQ-KQ} e3 $1 {[%cal Re3e2]} 38. Qe2 Qe4+ 39. Kg1 Ke6 40. c5 Kd5 41. c6 Kd6 42. a4 a5 43. Qa6 Qxc6 44. Qxa5 Qc1+ {Accuracy: White = 28%, Black = 53%.} 0-1

[Event "Teplice Open 2019"]
[Site "Teplice"]
[Date "2019.06.17"]
[Round "3.30"]
[White "Kaasen, Tor Fredrik"]
[Black "Kett, Tim"]
[Result "0-1"]
[WhiteElo "2395"]
[BlackElo "2197"]
[Annotator "NA"]
[PlyCount "97"]
[EventDate "2019.06.15"]
[EventType "swiss"]
[EventCountry "CZE"]
[SourceTitle "playchess.com"]
[Source "ChessBase"]
[SourceQuality "1"]
[TimeControl "40/5400+30:1800+30"]

1. e4 {[%emt 0:52:09]} e5 {[%emt 0:00:08]} 2. Nf3 {[%emt 0:00:24]} Nc6 {[%emt 0:00:10]} 3. Bb5 {[%emt 0:00:11]} a6 {[%emt 0:00:10]} 4. Ba4 {[%emt 0:00:09]} d6 {[%emt 0:00:42]} 5. O-O {[%emt 0:00:49]} Bd7 {[%emt 0:00:28]} 6. c3 {[%emt 0:00:33]} g6 {[%emt 0:00:26]} 7. d4 {[%emt 0:00:34]} Bg7 {[%emt 0:00:47]} 8. Bg5 {[%emt 0:00:45]} f6 {[%emt 0:11:11]} 9. Be3 {[%emt 0:00:38]} Nh6 {[%emt 0:00:23]} 10. dxe5 {[%emt 0:03:15]} Nxe5 {[%emt 0:17:08]} 11. Bb3 {[%emt 0:06:57]} Nhg4 {[%emt 0:08:15]} 12. Bc1 {[%emt 0:06:57]} Qe7 {[%emt 0:05:11]} 13. Nd4 {[%emt 0:07:28]} c5 {[%emt 0:03:30]} 14. Ne2 {[%emt 0:00:21]} c4 {[%emt 0:11:30]} 15. Bc2 {[%emt 0:00:16]} O-O {[%emt 0:00:38]} 16. Nf4 {[%emt 0:06:07]} f5 {[%emt 0:03:35]} 17. h3 {[%emt 0:02:26]} Nh6 {[%emt 0:00:17]} 18. Nd5 {[%emt 0:03:15]} Qf7 {[%emt 0:03:55]} 19. Nb6 {[%emt 0:02:41]} f4 {[%emt 0:05:30]} 20. f3 {[%emt 0:02:03]} Rad8 {[%emt 0:02:00]} 21. Nxd7 {[%emt 0:09:42]} Qxd7 {[%emt 0:00:13]} 22. a4 {[%emt 0:01:08]} g5 {[%emt 0:01:43]} 23. Na3 {[%emt 0:00:45]} Kh8 {[%emt 0:02:09]} 24. Qe2 {[%emt 0:02:12]} b5 {[%emt 0:02:42]} 25. axb5 {[%emt 0:00:57]} axb5 {[%emt 0:00:45]} 26. Rd1 {[%emt 0:03:19]} g4 {[%emt 0:02:58]} 27. hxg4 {[%emt 0:14:08]} Nhxg4 {[%emt 0:00:26]} 28. Rd4 {[%emt 0:01:13]} Ra8 {[%emt 0:08:44]} 29. Rb1 {[%emt 0:03:13]} Rab8 {[%emt 0:00:56]} 30. Qd1 {[%emt 0:04:01]} Qf7 {[%emt 0:01:49]} 31. fxg4 {[%emt 0:07:19]} f3 {[%emt 0:00:10]} 32. Be3 {[%emt 0:02:16]} Nxg4 {[%emt 0:02:00]} 33. Qxf3 {[%emt 0:00:59]} Qxf3 {[%emt 0:00:59]} 34. gxf3 {[%emt 0:00:04]} Nxe3 {[%emt 0:00:06]} 35. Kf2 {[%emt 0:04:04]} Bxd4 {[%emt 0:00:56]} 36. cxd4 {[%emt 0:00:03]} b4 {[%emt 0:01:33]} 37. Kxe3 {[%emt 0:01:53]} bxa3 {[%emt 0:00:04]} 38. bxa3 {[%emt 0:00:14]} Rxb1 {[%emt 0:00:13]} 39. Bxb1 {[%emt 0:00:04]} Ra8 {[%emt 0:00:05]} 40. e5 {[%emt 0:00:33]} Rxa3+ {[%emt 0:02:32]} 41. Ke4 {[%emt 0:00:11]} dxe5 {[%emt 0:00:41]} 42. dxe5 {[%emt 0:00:21]} h5 {[%emt 0:01:35]} 43. f4 {[%emt 0:02:02]} Ra1 {[%emt 0:01:23]} 44. Bc2 {[%emt 0:00:12]} h4 {[%emt 0:00:33]} 45. Kd4 {[%emt 0:01:19]} h3 {[%emt 0:03:02]} 46. Be4 {[%emt 0:00:14]} h2 {[%emt 0:00:34]} 47. f5 {[%emt 0:00:06]} h1=Q {[%emt 0:02:04]} 48. Bxh1 {[%emt 0:00:09]} Rxh1 {[%emt 0:00:03]} 49. Kxc4 {[%emt 0:00:17]} 0-1

[Event "Teplice Open 2019"]
[Site "Teplice"]
[Date "2019.06.17"]
[Round "3.31"]
[White "Mitscherling, Andreas"]
[Black "Di Nicolantonio, Lucas"]
[Result "0-1"]
[WhiteElo "2175"]
[BlackElo "2379"]
[Annotator "TA"]
[PlyCount "28"]
[EventDate "2019.06.15"]
[EventType "swiss"]
[EventCountry "CZE"]
[SourceTitle "playchess.com"]
[Source "ChessBase"]
[SourceQuality "1"]

{[%evp 6,6,20]} 1. d4 d6 2. Bf4 g6 3. e3 Bg7 {Predecessor:} 4. Nf3 $146 Nd7 5. h3 e5 6. Bh2 Ne7 7. Be2 O-O 8. O-O b6 9. c4 Bb7 10. Nc3 h6 11. Rc1 g5 12. b4 Ng6 13. dxe5 dxe5 14. Qc2 a5 {½-½ (56) Grachev,B (2654)-Fedoseev,V (2731) Sochi 2017} 0-1

[Event "Teplice Open 2019"]
[Site "Teplice"]
[Date "2019.06.17"]
[Round "3.32"]
[White "Stewart, Ashley"]
[Black "Risting, Eivind Olav"]
[Result "1/2-1/2"]
[WhiteElo "2139"]
[BlackElo "2357"]
[Annotator "NA"]
[PlyCount "60"]
[EventDate "2019.06.15"]
[EventType "swiss"]
[EventCountry "CZE"]
[SourceTitle "playchess.com"]
[Source "ChessBase"]
[SourceQuality "1"]
[TimeControl "40/5400+30:1800+30"]

1. c4 {[%emt 0:00:00]} c5 {[%emt 0:00:00]} 2. g3 {[%emt 0:00:00]} g6 {[%emt 0:00:06]} 3. Bg2 {[%emt 0:00:00]} Bg7 {[%emt 0:00:04]} 4. Nc3 {[%emt 0:00:04]} Nc6 {[%emt 0:00:33]} 5. Nf3 {[%emt 0:00:12]} e6 {[%emt 0:00:45]} 6. d4 {[%emt 0:02:49]} cxd4 {[%emt 0:00:52]} 7. Nb5 {[%emt 0:00:12]} d5 {[%emt 0:00:27]} 8. cxd5 {[%emt 0:00:53]} Qa5+ {[%emt 0:00:21]} 9. Nd2 {[%emt 0:00:38]} Qxb5 {[%emt 0:00:24]} 10. a4 {[%emt 0:03:02]} Qb6 {[%emt 0:06:11]} 11. dxc6 {[%emt 0:00:56]} Ne7 {[%emt 0:00:31]} 12. Nc4 {[%emt 0:03:16]} Qb4+ {[%emt 0:01:48]} 13. Bd2 {[%emt 0:00:10]} Qxc4 {[%emt 0:00:05]} 14. cxb7 {[%emt 0:00:31]} Bxb7 {[%emt 0:00:29]} 15. Bxb7 {[%emt 0:00:06]} Rb8 {[%emt 0:00:09]} 16. Rc1 {[%emt 0:02:37]} Qa2 {[%emt 0:00:34]} 17. Ra1 {[%emt 0:04:37]} Qc4 {[%emt 0:12:58]} 18. Rc1 {[%emt 0:01:05]} Qa2 {[%emt 0:00:19]} 19. Ra1 {[%emt 0:04:55]} Qxb2 {[%emt 0:03:06]} 20. Rb1 {[%emt 0:04:19]} Qxb7 {[%emt 0:01:27]} 21. Rxb7 {[%emt 0:00:13]} Rxb7 {[%emt 0:00:06]} 22. O-O {[%emt 0:05:52]} O-O {[%emt 0:00:10]} 23. Qc2 {[%emt 0:12:00]} Nd5 {[%emt 0:09:18]} 24. e3 {[%emt 0:12:40]} dxe3 {[%emt 0:15:17]} 25. Bxe3 {[%emt 0:01:31]} Nxe3 {[%emt 0:06:49]} 26. fxe3 {[%emt 0:00:02]} h5 {[%emt 0:03:09]} 27. Rb1 {[%emt 0:04:21]} Rd7 {[%emt 0:02:40]} 28. Rd1 {[%emt 0:02:59]} Rb7 {[%emt 0:03:46]} 29. Rb1 {[%emt 0:07:51]} Rd7 {[%emt 0:02:08]} 30. Rd1 {[%emt 0:03:50]} Rb7 {[%emt 0:02:02]} 1/2-1/2

[Event "Teplice Open 2019"]
[Site "Teplice"]
[Date "2019.06.17"]
[Round "3.34"]
[White "Stocek, Jiri"]
[Black "Kratochvil, Karel"]
[Result "1-0"]
[WhiteElo "2551"]
[BlackElo "2143"]
[Annotator "TA"]
[PlyCount "133"]
[EventDate "2019.06.15"]
[EventType "swiss"]
[EventCountry "CZE"]
[SourceTitle "playchess.com"]
[Source "ChessBase"]
[SourceQuality "1"]

{[%evp 11,133,37,47,33,39,23,33,-18,0,-18,0,0,0,0,3,12,12,-13,34,0,41,33,58,68,70,52,45,37,47,29,219,225,225,175,228,190,184,68,203,89,164,161,208,186,185,187,177,199,175,92,101,93,175,138,289,291,489,484,700,701,691,699,683,365,353,212,188,196,471,471,456,455,554,412,370,229,239,237,311,313,295,296,302,303,303,256,283,256,253,252,313,312,520,258,522,477,642,391,398,322,322,322,316,312,357,296,355,343,390,365,372,277,471,468,454,440,469,468,594,544,608,604,588,571]} 1. c4 Nf6 2. Nc3 g6 3. d4 Bg7 4. e4 d6 5. Bd3 e5 6. d5 a5 7. a3 {E70: King's Indian: Miscellaneous lines with 4 e4, including 5 Nge2 and 5 Bd3 0-0 6 Nge2} (7. Nge2 Na6 8. Ng3 h5 9. h4 {½-½ (9) Ringoir,T (2518)-Zapata,A (2426) Charlotte 2017}) 7... O-O 8. h3 Na6 $146 ({Predecessor:} 8... Nbd7 9. Be3 Nc5 10. Nge2 Nh5 11. Bc2 f5 12. exf5 gxf5 13. Qd2 f4 14. Bxc5 dxc5 15. Ne4 {1-0 (55) Kupsch,W-Brueck,B Fischbach 1993}) 9. b4 (9. Nf3 $14) 9... c6 10. Nge2 Bd7 11. Rb1 axb4 12. axb4 c5 13. bxc5 Nxc5 14. O-O Ra6 15. Be3 b6 16. Qd2 Qa8 17. Bc2 Rc8 18. f4 Nh5 19. fxe5 Bxe5 20. Bd4 Ba4 $2 (20... Rf8 $11) 21. Bxa4 $18 Nxa4 22. Nb5 Nc5 23. Bxe5 dxe5 24. Qe3 ({Better is} 24. Qh6 $1 $18) 24... Nd7 (24... Rf8 $14) 25. Qf3 (25. Qg5 $1 $18 {is more deadly.}) 25... f6 (25... Nhf6 $16) 26. Qg4 $1 {[%cal Rg4d7]} Nc5 27. d6 $1 $36 {[%mdl 2048] Threatens to win with Nc7. White is on the roll.} Qc6 28. Nc7 Rxc7 29. dxc7 Qxc7 {[#]} 30. Qf3 (30. Nc3 $1 $18) 30... Ne6 31. Kh2 Qc5 (31... Kg7 $16) 32. Qg4 Nf8 $2 {[#]} (32... Kf7 $16 {was called for.} 33. Rfd1 Qc7) 33. Nc3 $1 Qxc4 $2 (33... Nf4 {was necessary.} 34. Nd5 Ra2) 34. Nd5 b5 (34... Ra7 $142 35. Nxf6+ Nxf6 36. Rxf6 b5) 35. Rbc1 Qb3 36. Rc8 Qa3 37. Rf3 Qd6 38. Nc7 Rc6 39. Nxb5 Qe6 $2 (39... Qc5) 40. Qxe6+ Rxe6 41. Ra3 f5 42. Nc7 Rf6 43. Re8 Rf7 44. Nd5 Kg7 45. exf5 gxf5 46. Rxe5 Ng6 47. Re1 f4 48. Rc3 Rf5 49. Nc7 Kh6 50. Ne6 Ra5 51. Nd4 Ra2 $2 (51... Rd5 {might work better.}) 52. Nf5+ Kg5 53. Rc5 Kf6 54. Rb1 {aiming for Rb6+.} Ra6 55. Nd4 Ng3 56. Rc6+ Rxc6 57. Nxc6 {[%mdl 4096] Endgame KRN-KNN} Kf5 58. Re1 Kg5 59. Nd4 Nh5 60. Kg1 Nf6 61. Kf2 Nd5 $2 (61... Nd7 62. Ra1 Nde5) 62. Ra1 {White is clearly winning.} Kf6 63. Ra5 Ke5 64. Nf3+ Ke4 65. Ng5+ Kd4 66. Nxh7 Nc3 67. Ng5 {Accuracy: White = 60%, Black = 30%.} 1-0

[Event "Teplice Open 2019"]
[Site "Teplice"]
[Date "2019.06.17"]
[Round "3.35"]
[White "Janik, Igor"]
[Black "Eriksson, Christian Altenburg"]
[Result "1/2-1/2"]
[WhiteElo "2483"]
[BlackElo "2122"]
[Annotator "TA"]
[PlyCount "114"]
[EventDate "2019.06.15"]
[EventType "swiss"]
[EventCountry "CZE"]
[SourceTitle "playchess.com"]
[Source "ChessBase"]
[SourceQuality "1"]

{[%evp 11,114,18,12,9,20,-19,-21,-39,-24,-16,-27,-28,-21,-52,-42,-43,-37,-63,-66,-69,-63,-73,-81,-86,-93,-103,-49,-119,-76,-70,-57,-134,-141,-193,-200,-250,-224,-291,-314,-488,-363,-401,-374,-395,-258,-245,-256,-248,-244,-253,-191,-311,-139,-130,-134,-182,-29,-102,-102,-102,-102,-97,-78,-119,-118,-119,-119,-168,-82,-80,-71,-80,-80,-88,-95,-113,-93,-219,-221,-213,-216,-212,-206,-262,-160,-154,-157,-218,-90,-174,-169,-261,-177,-228,-228,-219,-161,-161,-147,-147,0,-147,0,-147,0]} 1. e4 c5 2. Nf3 Nc6 3. Bb5 g6 4. O-O Bg7 5. Nc3 e5 6. d3 Nge7 7. h3 {B31: Sicilian: 2...Nc6 3 Bb5 g6} (7. Bc4 O-O 8. a3 d6 9. h3 h6 10. b4 Kh7 11. bxc5 dxc5 12. Rb1 b6 13. Nd5 Be6 14. Nxe7 Qxe7 {1-0 (55) Le,Q (2737)-Dubov,D (2694) Caleta 2018}) 7... O-O 8. Bxc6 $146 ({Predecessor:} 8. Bc4 d6 9. Bg5 h6 10. Bxe7 Nxe7 11. a4 Be6 12. Re1 a6 13. Qe2 Nc6 14. Nd5 Rb8 {1-0 (76) Azevedo Pessoa,F (2547)-Isigkeit,H (2410) ICCF email 2012}) 8... Nxc6 9. Nd2 {The position is equal.} a6 10. Nc4 d6 11. Nd5 Be6 12. Bd2 b5 13. Nce3 $1 a5 14. a4 b4 15. c3 Ne7 16. Rc1 Nxd5 17. exd5 Bc8 18. f4 Ba6 (18... exf4 $17 19. Rxf4 Ba6) 19. Qc2 (19. fxe5 $1 $15 Bxd3 20. Rf2) 19... f5 20. fxe5 Bxe5 21. Rf3 {[#]} (21. Nc4 $15) 21... b3 $1 $17 {[%mdl 576] Deflection} 22. Qxb3 (22. Qb1 $17 {is a better defense.}) 22... Bxd3 $19 23. Qa2 Be4 24. Rf2 Bg3 25. Rff1 (25. Rcf1 $142) 25... Bd3 26. Rf3 f4 $1 {[%cal Rf4e3]} 27. Nf1 Be2 28. Rxg3 fxg3 29. Nxg3 Qh4 30. Kh2 Bd3 31. c4 (31. Re1 $142) 31... Rae8 (31... Rab8 $19 32. b3 Rf2) 32. Qb3 $17 Bf5 33. Rg1 Rb8 $2 (33... Bg4 $19 34. Be1 Bd7) 34. Qc3 (34. Nxf5 $11 gxf5 35. Qc3) 34... Qd4 {Threatens to win with ...Bd3.} 35. Qxa5 {Hoping for Bc3.} Ra8 (35... Qxb2 36. Nxf5 Rxf5 37. Bc3) 36. Qc3 Rxa4 37. Qxd4 cxd4 38. b3 Ra2 39. Bf4 {[#]} Rd8 (39... Bc2 $1 $19 {and Black stays clearly on top.} 40. Bh6 Bxb3 41. Bxf8 Kxf8) 40. Rd1 Rb2 41. Rxd4 Rxb3 42. Bg5 Rd7 43. Ne2 Rb4 44. g4 {[#]} (44. Bf4 $17) 44... Rb2 $1 $19 {[%cal Rb2e2]} 45. Bd2 Re7 46. Ng3 Bc8 47. Nf1 Ba6 48. Kg3 Rb3+ 49. Kh4 (49. Kf2 $17 {was necessary.}) 49... Rf3 (49... Rf7 $19 {has better winning chances.} 50. Ng3 Rc7) 50. Nh2 (50. Bg5 $17 Re2 51. Nd2) 50... Rf2 51. Kg3 (51. Bf4 $142) 51... Rfe2 52. Bh6 (52. Nf3 {might work better.}) 52... R2e4 53. Rd2 Bxc4 54. Nf3 Re2 55. Rd4 R2e4 {Strongly threatening ...Rxd4.} 56. Rd2 $1 Re2 {White must now prevent ...Rxd2.} 57. Rd4 $1 {[%cal Rd4c4]} R2e4 {Accuracy: White = 40%, Black = 51%.} ({Black should try} 57... Ba2 $17 58. Nd2 R2e5) 1/2-1/2

[Event "Teplice Open 2019"]
[Site "Teplice"]
[Date "2019.06.17"]
[Round "3.36"]
[White "Kirk, Ezra"]
[Black "Montgomery, Jan Elkjaer Frantsen"]
[Result "1-0"]
[WhiteElo "2428"]
[BlackElo "2115"]
[Annotator "NA"]
[PlyCount "97"]
[EventDate "2019.06.15"]
[EventType "swiss"]
[EventCountry "CZE"]
[SourceTitle "playchess.com"]
[Source "ChessBase"]
[SourceQuality "1"]
[TimeControl "40/5400+30:1800+30"]

1. e4 {[%emt 0:00:00]} c5 {[%emt 0:00:00]} 2. Nf3 {[%emt 0:00:00]} e6 {[%emt 0:00:00]} 3. d4 {[%emt 0:00:17]} cxd4 {[%emt 0:00:00]} 4. Nxd4 {[%emt 0:00:07]} Nc6 {[%emt 0:00:05]} 5. Nc3 {[%emt 0:00:10]} Qc7 {[%emt 0:00:05]} 6. f4 {[%emt 0:00:06]} a6 {[%emt 0:00:19]} 7. Nxc6 {[%emt 0:00:08]} Qxc6 {[%emt 0:02:07]} 8. Be2 {[%emt 0:00:16]} b5 {[%emt 0:01:14]} 9. Bf3 {[%emt 0:00:17]} Bb7 {[%emt 0:00:12]} 10. Qd3 {[%emt 0:00:30]} Rc8 {[%emt 0:09:43]} 11. Be3 {[%emt 0:03:26]} Qc4 {[%emt 0:02:19]} 12. a3 {[%emt 0:00:40]} b4 {[%emt 0:02:34]} 13. axb4 {[%emt 0:30:57]} Bxb4 {[%emt 0:01:37]} 14. Bd4 {[%emt 0:00:13]} Nf6 {[%emt 0:01:42]} 15. O-O {[%emt 0:18:58]} Qxd4+ {[%emt 0:02:31]} 16. Qxd4 {[%emt 0:00:11]} Bc5 {[%emt 0:00:05]} 17. Rfd1 {[%emt 0:02:08]} O-O {[%emt 0:02:11]} 18. e5 {[%emt 0:06:22]} Bxf3 {[%emt 0:06:15]} 19. gxf3 {[%emt 0:01:58]} Nh5 {[%emt 0:00:42]} 20. f5 {[%emt 0:11:21]} exf5 {[%emt 0:09:01]} 21. Rxa6 {[%emt 0:00:08]} Nf4 {[%emt 0:00:56]} 22. Kf1 {[%emt 0:06:30]} Bxd4 {[%emt 0:00:05]} 23. Rxd4 {[%emt 0:00:03]} Ne6 {[%emt 0:00:13]} 24. Rd2 {[%emt 0:00:20]} Rb8 {[%emt 0:11:52]} 25. b3 {[%emt 0:00:25]} f6 {[%emt 0:01:04]} 26. exf6 {[%emt 0:00:39]} Rxf6 {[%emt 0:00:38]} 27. Rxd7 {[%emt 0:03:22]} Nc5 {[%emt 0:03:59]} 28. Rxf6 {[%emt 0:00:08]} Nxd7 {[%emt 0:00:03]} 29. Rd6 {[%emt 0:00:18]} Ne5 {[%emt 0:00:41]} 30. f4 {[%emt 0:00:10]} Ng4 {[%emt 0:00:50]} 31. Nd5 {[%emt 0:01:51]} Nxh2+ {[%emt 0:02:23]} 32. Kg2 {[%emt 0:00:09]} Ng4 {[%emt 0:00:06]} 33. Ne7+ {[%emt 0:02:42]} Kf8 {[%emt 0:06:17]} 34. Nxf5 {[%emt 0:00:08]} g6 {[%emt 0:07:13]} 35. Nd4 {[%emt 0:00:05]} Ke7 {[%emt 0:01:48]} 36. Ra6 {[%emt 0:00:39]} Rc8 {[%emt 0:01:02]} 37. c4 {[%emt 0:00:57]} Rc7 {[%emt 0:00:23]} 38. Kf3 {[%emt 0:01:00]} Nf6 {[%emt 0:00:15]} 39. Nc6+ {[%emt 0:00:54]} Kd7 {[%emt 0:02:08]} 40. Ne5+ {[%emt 0:02:05]} Ke7 {[%emt 0:00:01]} 41. b4 {[%emt 0:30:42]} Nd7 {[%emt 0:30:08]} 42. Nc6+ {[%emt 0:01:27]} Kd6 {[%emt 0:00:16]} 43. Ne5+ {[%emt 0:03:25]} Ke7 {[%emt 0:00:11]} 44. Nxd7 {[%emt 0:00:45]} Rxd7 {[%emt 0:01:31]} 45. Ke4 {[%emt 0:01:34]} Kf7 {[%emt 0:01:27]} 46. b5 {[%emt 0:00:00]} h5 {[%emt 0:00:00]} 47. b6 {[%emt 0:00:00]} h4 {[%emt 0:00:00]} 48. Ra7 {[%emt 0:00:00]} Ke7 {[%emt 0:00:00]} 49. b7 {[%emt 0:00:00]} 1-0